My name is Khan (Record no. 18064)
[ view plain ]
| 000 -LEADER | |
|---|---|
| fixed length control field | 02065cgm a22004217a 4500 |
| 007 - PHYSICAL DESCRIPTION FIXED FIELD--GENERAL INFORMATION | |
| fixed length control field | vd cgaizm |
| 008 - FIXED-LENGTH DATA ELEMENTS--GENERAL INFORMATION | |
| fixed length control field | 140211t2010 xxu154 g |||| 0| vlhin d |
| 020 ## - INTERNATIONAL STANDARD BOOK NUMBER | |
| International Standard Book Number | 5039036043960 |
| 041 1# - LANGUAGE CODE | |
| Language code of text/sound track or separate title | hin |
| -- | eng |
| 043 ## - GEOGRAPHIC AREA CODE | |
| Geographic area code | n-us-ca |
| 082 04 - DEWEY DECIMAL CLASSIFICATION NUMBER | |
| Edition number | 22 |
| Item number | MYN |
| Classification number | 791.4372 |
| 245 00 - TITLE STATEMENT | |
| Title | My name is Khan |
| Medium | [videorecording] / |
| Statement of responsibility, etc | Fox Star Studios and Twentieth Century Fox present a Dharma Productions and Red Chillies Entertainment production ; produced by Hiroo Yash Johar & Gauri Khan ; story and screenplay by Shibani Bathija ; directed by Karan Johar. |
| 250 ## - EDITION STATEMENT | |
| Edition statement | Widescreen. |
| 260 ## - PUBLICATION, DISTRIBUTION, ETC. (IMPRINT) | |
| Place of publication, distribution, etc | [Los Angeles, United States] : |
| Name of publisher, distributor, etc | Twentieth Century Fox Home Entertainment, |
| Date of publication, distribution, etc | c.2010. |
| 300 ## - PHYSICAL DESCRIPTION | |
| Extent | 1 videodisc (154 min.) : |
| Other physical details | sd., col. ; |
| Dimensions | 4 3/4 in. |
| 500 ## - GENERAL NOTE | |
| General note | Special features : Changing the face of Bollywood ; Working together ; The music of My name is Khan ; The story of My name is Khan ; Sajda music promo ; Tere Naina music promo. |
| 508 ## - CREATION/PRODUCTION CREDITS NOTE | |
| Creation/production credits note | Director of photography Ravik Chandran ; editor Deepa Bhatia ; music & background score by Shankar Ehsaanloy. |
| 511 ## - PARTICIPANT OR PERFORMER NOTE | |
| Participant or performer note | Shah Rukh Khan, Kajol.<br/> |
| 521 ## - TARGET AUDIENCE NOTE | |
| Target audience note | Suitable only for persons of 12 years and over ; contains implied strong Language moderate violence and racist terms.<br/> |
| 546 ## - LANGUAGE NOTE | |
| Language note | In Hindi and English Language. |
| 650 #0 - SUBJECT ADDED ENTRY--TOPICAL TERM | |
| 9 (RLIN) | 35179 |
| Topical term or geographic name as entry element | East Indians |
| Geographic subdivision | California |
| -- | San Francisco |
| Form subdivision | Drama |
| 650 #0 - SUBJECT ADDED ENTRY--TOPICAL TERM | |
| 9 (RLIN) | 35180 |
| Topical term or geographic name as entry element | Man-woman relationships |
| Geographic subdivision | California |
| -- | San Francisco |
| Form subdivision | Drama |
| 653 ## - INDEX TERM--UNCONTROLLED | |
| -- | GGEN |
| -- | February2014 |
| 700 1# - ADDED ENTRY--PERSONAL NAME | |
| 9 (RLIN) | 35170 |
| Personal name | Khan, Shah Rukh, |
| Dates associated with a name | 1965- |
| 700 0# - ADDED ENTRY--PERSONAL NAME | |
| 9 (RLIN) | 35171 |
| Personal name | Kajol |
| 700 1# - ADDED ENTRY--PERSONAL NAME | |
| 9 (RLIN) | 35172 |
| Personal name | Johar, Hiroo Yash |
| 700 1# - ADDED ENTRY--PERSONAL NAME | |
| 9 (RLIN) | 35173 |
| Personal name | Khan, Gauri, |
| Dates associated with a name | 1970- |
| 700 1# - ADDED ENTRY--PERSONAL NAME | |
| 9 (RLIN) | 35174 |
| Personal name | Bathija, Shibani |
| 700 1# - ADDED ENTRY--PERSONAL NAME | |
| 9 (RLIN) | 35175 |
| Personal name | Johar, Karan, |
| Dates associated with a name | 1972- |
| 700 1# - ADDED ENTRY--PERSONAL NAME | |
| 9 (RLIN) | 35181 |
| Personal name | Chandran, Ravik |
| 700 1# - ADDED ENTRY--PERSONAL NAME | |
| 9 (RLIN) | 35182 |
| Personal name | Bhatia, Deepa |
| 700 1# - ADDED ENTRY--PERSONAL NAME | |
| 9 (RLIN) | 35183 |
| Personal name | Ehsaanloy, Shankar |
| 710 2# - ADDED ENTRY--CORPORATE NAME | |
| 9 (RLIN) | 25601 |
| Corporate name or jurisdiction name as entry element | Twentieth Century Fox Home Entertainment, Inc |
| 710 2# - ADDED ENTRY--CORPORATE NAME | |
| 9 (RLIN) | 35176 |
| Corporate name or jurisdiction name as entry element | Fox Star Studios (Firm) |
| 710 2# - ADDED ENTRY--CORPORATE NAME | |
| 9 (RLIN) | 35177 |
| Corporate name or jurisdiction name as entry element | Dharma Productions |
| 710 2# - ADDED ENTRY--CORPORATE NAME | |
| 9 (RLIN) | 35178 |
| Corporate name or jurisdiction name as entry element | Red Chillies Entertainment (Firm) |
| 942 ## - ADDED ENTRY ELEMENTS (KOHA) | |
| Source of classification or shelving scheme | Dewey Decimal Classification |
| Item type | |
| Call number prefix | 791.4372 MYN |
| Withdrawn status | Lost status | Source of classification or shelving scheme | Damaged status | Not for loan | Koha collection | Home library | Current library | Shelving location | Date acquired | Source of acquisition | Total Checkouts | Full call number | Barcode | Date last seen | Koha item type |
|---|---|---|---|---|---|---|---|---|---|---|---|---|---|---|---|
| Dewey Decimal Classification | Baccah | Central Library | Central Library | Second Floor | 13/02/2014 | Purchase | 791.4372 MYN | 000035631 | 24/08/2022 | CD | DVD - Movie (NB) |